ENVIRONMENTAL SCIENCE: A STUDY OF INTERRELATIONSHIP. (Record no. 4134)
[ view plain ]
| 000 -LEADER | |
|---|---|
| fixed length control field | 00325nam a22001217a 4500 |
| 008 - FIXED-LENGTH DATA ELEMENTS--GENERAL INFORMATION | |
| fixed length control field | 160420b xxu||||| |||| 00| 0 eng d |
| 020 ## - INTERNATIONAL STANDARD BOOK NUMBER | |
| International Standard Book Number | 0072970480 |
| 082 ## - | |
| Classification number | 363.7 ENG |
| 100 ## - MAIN ENTRY--PERSONAL NAME | |
| Personal name | ENGER, ELDON D[ed] |
| 245 ## - TITLE STATEMENT | |
| Title | ENVIRONMENTAL SCIENCE: A STUDY OF INTERRELATIONSHIP. |
| 250 ## - EDITION STATEMENT | |
| Edition statement | 10 ed |
| 260 ## - PUBLICATION, DISTRIBUTION, ETC. (IMPRINT) | |
| Place of publication, distribution, etc. | BOSTON. |
| Name of publisher, distributor, etc. | MC GRAW HILL. |
| Withdrawn status | Lost status | Source of classification or shelving scheme | Damaged status | Koha normalized classification for sorting | Not for loan | Home library | Current library | Date acquired | Total Checkouts | Full call number | Barcode | Date last seen | Copy number | Price effective from | Koha item type |
|---|---|---|---|---|---|---|---|---|---|---|---|---|---|---|---|
| Dewey Decimal Classification | 363_700000000000000_ENG | Dodoma | Dodoma | 20/04/2016 | 363.7 ENG | 000000009935 | 29/07/2019 | 2 | 20/04/2016 | BOOKS |
